Differential equations with boundary-value problems / (Record no. 527934)

000 -LEADER
fixed length control field 01295pam a2200337 a 4500
001 - CONTROL NUMBER
control field 1559668
003 - CONTROL NUMBER IDENTIFIER
control field NUST
005 - DATE AND TIME OF LATEST TRANSACTION
control field 20190822091203.0
008 - FIXED-LENGTH DATA ELEMENTS--GENERAL INFORMATION
fixed length control field 920429s1993 maua 001 0 eng
010 ## - LIBRARY OF CONGRESS CONTROL NUMBER
LC control number 92017344
020 ## - INTERNATIONAL STANDARD BOOK NUMBER
International Standard Book Number 0534931588
038 ## - RECORD CONTENT LICENSOR
Staff Name M.Ramzan
040 ## - CATALOGING SOURCE
Original cataloging agency DLC
Transcribing agency DLC
Modifying agency DLC
050 00 - LIBRARY OF CONGRESS CALL NUMBER
Classification number QA371
Item number .Z55 1993
082 00 - DEWEY DECIMAL CLASSIFICATION NUMBER
Classification number 515.35
Edition number 20
Author Mark ZIL
100 1# - MAIN ENTRY--PERSONAL NAME
Personal name Zill, Dennis G.,
Dates associated with a name 1940-
9 (RLIN) 4603
245 10 - TITLE STATEMENT
Title Differential equations with boundary-value problems /
Statement of responsibility, etc. Dennis G. Zill.
250 ## - EDITION STATEMENT
Edition statement 3rd ed. /
Remainder of edition statement Michael R. Cullen.
260 ## - PUBLICATION, DISTRIBUTION, ETC.
Place of publication, distribution, etc. Boston :
Name of publisher, distributor, etc. PWS-KENT,
Date of publication, distribution, etc. c1993.
300 ## - PHYSICAL DESCRIPTION
Extent 1 v. (various pagings) :
Other physical details ill. (some col.) ;
Dimensions 24 cm.
440 #4 - SERIES STATEMENT/ADDED ENTRY--TITLE
Title The Prindle, Weber & Schmidt series in mathematics
9 (RLIN) 19448
500 ## - GENERAL NOTE
General note Includes index.
650 #0 - SUBJECT ADDED ENTRY--TOPICAL TERM
Topical term or geographic name entry element Differential equations.
9 (RLIN) 688
650 #0 - SUBJECT ADDED ENTRY--TOPICAL TERM
Topical term or geographic name entry element Boundary value problems.
9 (RLIN) 689
700 1# - ADDED ENTRY--PERSONAL NAME
Personal name Cullen, Michael R.
9 (RLIN) 10574
856 42 - ELECTRONIC LOCATION AND ACCESS
Materials specified Contributor biographical information
Uniform Resource Identifier <a href="http://www.loc.gov/catdir/enhancements/fy1515/92017344-b.html">http://www.loc.gov/catdir/enhancements/fy1515/92017344-b.html</a>
856 42 - ELECTRONIC LOCATION AND ACCESS
Materials specified Publisher description
Uniform Resource Identifier <a href="http://www.loc.gov/catdir/enhancements/fy1515/92017344-d.html">http://www.loc.gov/catdir/enhancements/fy1515/92017344-d.html</a>
906 ## - LOCAL DATA ELEMENT F, LDF (RLIN)
a 7
b cbc
c orignew
d 1
e ocip
f 19
g y-gencatlg
942 ## - ADDED ENTRY ELEMENTS (KOHA)
Source of classification or shelving scheme
Koha item type Book
Holdings
Withdrawn status Lost status Source of classification or shelving scheme Damaged status Not for loan Permanent Location Current Location Date acquired Total Checkouts Full call number Barcode Date last seen Price effective from Koha item type
          School of Civil and Environmental Engineering (SCEE) School of Civil and Environmental Engineering (SCEE) 08/22/2019   515.35 ZIL NIT-101135 08/22/2019 08/22/2019 Book
© 2023 Central Library, National University of Sciences and Technology. All Rights Reserved.